Koncepcja osadnictwa Scenariusz rozwoju systemu osadnictwa

Saved in:
Bibliographic Details
Format: Book
Language:Polish
Published: Warszawa Instytut Ksztaltowania Srodowiska 1986
Edition:1. wyd.
Tags: Add Tag
No Tags, Be the first to tag this record!

MARC

LEADER 00000nam a2200000 4500
001 c034688
005 20221220071825.0
041 0 |a pol 
044 |a PL 
245 1 0 |a Koncepcja osadnictwa  |b Scenariusz rozwoju systemu osadnictwa 
250 |a 1. wyd. 
264 1 |a Warszawa  |b Instytut Ksztaltowania Srodowiska  |c 1986 
300 |a 207 s.  |e 11 tab. príl.